000 00641nam a2200229Ia 4500
005 20241216005923.0
008 180423s9999||||xx |||||||||||||| ||und||
020 _a84-86153-10-7
082 _a070.19
_bC36
100 _aCEBRIAN HERREROS, MARIANO
245 0 _aLA MEDIACION TECNICA DE LA INFORMACION RADIOFONICA
250 _a0
260 _aBARCELONA-ESPAÑA
_bMITRE
_c1983
300 _a216 pag.
_c21 cm
341 _h75
490 _v0
_a0
505 _aAUDITIVA-RADIOFONICA/CONFIGURACION-SONIDOS-MONTAJE
541 _aC
_bLIBRERIA STUDIUM
_d24-Apr-96
_odólar
650 _aOBRAS GENERALES
856 _zHumanidades
942 _cLIBRO
999 _c685
_d685